Trading room La especulacin̤ inteligente /

Detalles Bibliográficos
Autor principal: De Luis, Alejandro
Formato: eBook
Lenguaje:español
Publicado: Bogot:̀ Ediciones de la U, 2011
Materias:
Acceso en línea:Acceso restringido

MARC

LEADER 00000nam a22000007a 4500
005 20210519230724.0
007 cr|||| ||||
008 210519s2011 co |||||s|||| 00||0 spa d
020 |a 978-958-8675-66-4 
035 |a 33469 
040 |a vLex 
090 |c 11744  |d 11744 
100 1 |a De Luis, Alejandro 
245 1 0 |a Trading room  |h [Recurso electrn̤ico] :  |b La especulacin̤ inteligente /  |c Alejandro De Luis 
256 |a Servicio en ln̕ea 
260 |a Bogot:̀  |b Ediciones de la U,  |c 2011 
300 |a 1 recurso electrn̤ico 
500 |a Este texto detalla cm̤o acta︢ y se prepara psicolg̤icamente un trader para poder sobrevivir en el mundo de las finanzas, aprender a realizar una especulacin̤ inteligente, diferenciando al resto de los inversores, aprendiendo cm̤o actuar y pensar en todo momento, con tres sencillos pasos: Preparacin̤ psicolg̤ica, conocimientos imprescindibles y cinco tčnicas de trading profesional, podrs̀ comenzar a saber lo necesario en el mundo de las inversiones, Alejandro de Luis detalla cm̤o acta︢ y se prepara psicolg̤icamente un trader para poder sobrevivir en el mundo de las finanzas. 
506 1 |a Disponible solo en los productos indicados  |d vLex Global  |d vLex Global (Academic Edition, excluding Law Schools)  |d vLex Global (U.S. Academic Edition, Law Schools)  |d vLex Global (U.S. Academic Edition, excluding Law Schools)  |d vLex Global (Academic Edition, Law Schools) 
650 0 4 |a Banca y finanzas  |z Colombia 
740 0 |a vLex Libros (Servicio en ln̕ea) 
856 4 0 |u https://vlex.com/source/trading-room-la-especulacion-inteligente-33469  |z Acceso restringido 
942 |c BOOK 
999 0 |a Economy and business